|
|
|
|
| LEADER |
01571cam a2200373 a 4500 |
| 001 |
c000388890 |
| 003 |
CARM |
| 005 |
20120305090040.0 |
| 008 |
120305s1981 aca f000 0 eng d |
| 019 |
1 |
|
|a 13835333
|z 2046726
|z 46660779
|z 22431669
|z 23029431
|5 LACONCORD2021
|
| 020 |
|
|
|z 0642059693
|z 0642059693
|
| 035 |
|
|
|a (OCoLC)27492437
|5 LACONCORD2021
|
| 040 |
|
|
|a WHL
|b eng
|c VCAV
|
| 042 |
|
|
|a anuc
|
| 080 |
0 |
4 |
|a 622.349.5(948)
|
| 082 |
0 |
4 |
|a 305.8991509429
|
| 110 |
2 |
|
|a Australian Institute of Aboriginal Studies. Uranium Impact Project Steering Committee.
|
| 245 |
1 |
0 |
|a Report to the Minister for Aboriginal Affairs on the social impact of uranium mining on the Aborigines of the Northern Territory (for the period 1 April 1980 to 30 September 1980).
|
| 260 |
|
|
|a Canberra :
|b Australian Government Publishing Service,
|c 1981.
|
| 300 |
|
|
|a iv, 34 p. ;
|c 25 cm.
|
| 500 |
|
|
|a Also published as parliamentary paper no. 346/ 1979.
|
| 500 |
|
|
|a Spine title: Social impact of uranium mining on the Aborigines of the Northern Territory.
|
| 650 |
0 |
2 |
|a Northern Territory.
|
| 650 |
0 |
2 |
|a Mining.
|
| 650 |
0 |
2 |
|a Politics.
|
| 650 |
0 |
2 |
|a Uranium.
|
| 650 |
0 |
2 |
|a Social Problems.
|
| 650 |
0 |
2 |
|a Aborigines.
|
| 700 |
1 |
|
|a Tatz, Colin.
|
| 710 |
1 |
|
|a Australia.
|b Dept. of Aboriginal Affairs.
|
| 740 |
0 |
2 |
|a Social impact of uranium mining on the Aborigines of the Northern Territory.
|
| 852 |
8 |
|
|b CARM
|p 0530002
|f BK
|
| 999 |
f |
f |
|i 0904a580-693b-5eb1-ae35-11320dd9a791
|s 02305710-688e-53b9-a645-e8028f022f52
|
| 952 |
f |
f |
|p Can circulate
|a CAVAL
|b CAVAL
|c CAVAL
|d CARM 1 Store
|i book
|m 0530002
|